| 000 | 02023nam a2200433 i 4500 | ||
|---|---|---|---|
| 001 | ebr10837671 | ||
| 003 | CaPaEBR | ||
| 006 | m o d | ||
| 007 | cr cn||||||||| | ||
| 008 | 140224t20142014gau ob 001 0 eng d | ||
| 020 | _z9780820346700 | ||
| 020 | _a9780820346724 (e-book) | ||
| 040 |
_aCaPaEBR _beng _erda _epn _cCaPaEBR |
||
| 035 | _a(OCoLC)870646646 | ||
| 043 | _an-us-tx | ||
| 050 | 1 | 4 |
_aHN80.H8 _b.P445 2014eb |
| 082 | 0 | 4 |
_a305.5/69097641411 _223 |
| 100 | 1 | _aPhelps, Wesley G. | |
| 245 | 1 | 2 |
_aA people's war on poverty : _burban politics and grassroots activists in Houston / _cWesley G. Phelps. |
| 264 | 1 |
_aAthens, Georgia : _bThe University of Georgia Press, _c2014. |
|
| 264 | 4 | _c�2014 | |
| 300 | _a1 online resource (264 pages) | ||
| 336 |
_atext _2rdacontent |
||
| 337 |
_acomputer _2rdamedia |
||
| 338 |
_aonline resource _2rdacarrier |
||
| 504 | _aIncludes bibliographical references and index. | ||
| 588 | _aDescription based on print version record. | ||
| 590 | _aElectronic reproduction. Palo Alto, Calif. : ebrary, 2014. Available via World Wide Web. Access may be limited to ebrary affiliated libraries. | ||
| 610 | 2 | 0 |
_aCommunity Action Program (U.S.) _xHistory. |
| 650 | 0 |
_aCommunity development _zTexas _zHouston _xHistory _y20th century. |
|
| 650 | 0 |
_aPoor _xServices for _zTexas _zHouston _xHistory _y20th century. |
|
| 650 | 0 |
_aPoor _xPolitical activity _zTexas _zHouston _xHistory _y20th century. |
|
| 650 | 0 |
_aPoverty _xGovernment policy _zTexas _zHouston _xHistory _y20th century. |
|
| 650 | 0 |
_aSocial action _zTexas _zHouston _xHistory _y20th century. |
|
| 655 | 0 | _aElectronic books. | |
| 776 | 0 | 8 |
_iPrint version: _aPhelps, Wesley G. _tPeople's war on poverty : urban politics and grassroots activists in Houston. _dAthens, Georgia : The University of Georgia Press, c2014 _hxiii, 239 pages _z9780820346700 _w2013029149 |
| 797 | 2 | _aebrary. | |
| 856 | 4 | 0 |
_uhttp://site.ebrary.com/lib/rucke/Doc?id=10837671 _zAn electronic book accessible through the World Wide Web; click to view |
| 999 |
_c89926 _d89926 |
||